[Event "X Anibal Open"]
[Site "Linares ESP"]
[Date "2003.03.06"]
[Round "7"]
[White "Ahmed,Es"]
[Black "El Gindy,E"]
[Result "0-1"]
[WhiteElo "2395"]
[BlackElo "2467"]
[EventDate "2003.02.28"]

1. e4 c5 2. Nc3 Nc6 3. g3 g6 4. Bg2 Bg7 5. Nge2 e6 6. a3 Nge7 7. b4 d6 8.
Rb1 O-O 9. d3 Rb8 10. O-O b6 11. Be3 Nd4 12. bxc5 dxc5 13. Bf4 e5 14. Bd2
Bg4 15. f4 Qd7 16. Be3 Rbd8 17. Bxd4 cxd4 18. Na2 Rc8 19. Qd2 Bh6 20. Rf2
Rc5 21. h3 Be6 22. c4 dxc3 23. Naxc3 exf4 24. gxf4 Bxh3 25. Qe3 Bxg2 26.
Kxg2 Bg7 27. d4 Rc4 28. d5 Rfc8 29. Rd1 Bxc3 30. Qd3 Qd6 31. Kf1 Bg7 32. e5
Qc5 0-1

[Event "X Anibal Open"]
[Site "Linares ESP"]
[Date "2003.03.06"]
[Round "7"]
[White "Yagupov,I"]
[Black "Ezat,M"]
[Result "0-1"]
[WhiteElo "2458"]
[BlackElo "2381"]
[EventDate "2003.02.28"]

1. e4 c6 2. d4 d5 3. Nc3 dxe4 4. Nxe4 Nd7 5. Ng5 Ngf6 6. Bd3 e6 7. N1f3 Bd6
8. Qe2 h6 9. Ne4 Nxe4 10. Qxe4 Nf6 11. Qe2 Qc7 12. Bd2 b6 13. O-O-O Bb7 14.
Kb1 O-O-O 15. c4 c5 16. Bc3 Rhe8 17. Rhe1 Re7 18. dxc5 Bxc5 19. b4 Bd6 20.
Nd4 a6 21. Nb3 Red7 22. a3 Bxh2 23. Kb2 Bd6 24. c5 bxc5 25. bxc5 Be7 26. c6
Bxc6 27. Ba5 Qa7 28. Bxd8 Kxd8 29. Rc1 Qb6 30. Qc2 Bb7 31. Re2 Qd6 32. Bc4
Qxa3+ 33. Kb1 Rc7 34. Qd2+ Nd5 35. Qa5 Qxa5 36. Nxa5 Bf6 37. Rec2 Nb4 38.
Rd2+ Ke7 39. f4 Be4+ 40. Bd3 Bxd3+ 41. Rxd3 Rxc1+ 42. Kxc1 Nxd3+ 0-1

[Event "X Anibal Open"]
[Site "Linares ESP"]
[Date "2003.03.06"]
[Round "7"]
[White "Kovacevic,Sl"]
[Black "Sanchez Jimenez,JC"]
[Result "1-0"]
[WhiteElo "2396"]
[BlackElo "2281"]
[EventDate "2003.02.28"]

1. d4 e6 2. Nf3 c5 3. c3 Nc6 4. Bf4 Qb6 5. Qb3 Qxb3 6. axb3 cxd4 7. Nxd4
Nxd4 8. cxd4 Nf6 9. Nc3 Bb4 10. Bd2 Ke7 11. e3 d6 12. Be2 Bd7 13. Bf3 Rhb8
14. Ke2 Bc6 15. Rhc1 Rc8 16. h3 e5 17. dxe5 dxe5 18. Bxc6 Rxc6 19. Ne4 Rb6
20. Bxb4+ Rxb4 21. Rc7+ Kd8 22. Nxf6 gxf6 23. Rxf7 Rc8 24. Rxa7 Rc2+ 25.
Kd3 Rc7 26. Ra8+ 1-0

[Event "X Anibal Open"]
[Site "Linares ESP"]
[Date "2003.03.06"]
[Round "7"]
[White "Shetty,R"]
[Black "Castillo Gallego,S"]
[Result "1-0"]
[WhiteElo "2372"]
[BlackElo "2217"]
[EventDate "2003.02.28"]

1. e4 e5 2. Nf3 Nc6 3. Bb5 a6 4. Ba4 d6 5. O-O Bd7 6. c3 g6 7. d4 Bg7 8.
Re1 Nge7 9. Be3 O-O 10. Nbd2 exd4 11. cxd4 d5 12. e5 Nf5 13. Bg5 f6 14.
Bxc6 Bxc6 15. Bf4 fxe5 16. Bxe5 Qd7 17. Rc1 Rae8 18. Nb3 Nd6 19. Na5 Ne4
20. Nxc6 bxc6 21. Bxg7 Qxg7 22. Rxc6 Qd7 23. Rc2 Qa4 24. b3 Qa5 25. Ne5 c5
26. f3 Nc3 27. Qd2 cxd4 28. Qxd4 Nxa2 29. Ra1 Qb4 30. Qxd5+ Kh8 31. Rcxa2
Qc3 32. Nd3 Re3 33. Qc5 1-0

[Event "X Anibal Open"]
[Site "Linares ESP"]
[Date "2003.03.06"]
[Round "7"]
[White "Arizmendi Martinez,J"]
[Black "Kempinski,R"]
[Result "1/2-1/2"]
[WhiteElo "2520"]
[BlackElo "2545"]
[EventDate "2003.02.28"]

1. e4 c5 2. Nf3 d6 3. d4 cxd4 4. Nxd4 Nf6 5. Nc3 a6 6. Be2 e6 7. O-O Be7 8.
Be3 Qc7 9. f4 Nc6 10. Qe1 O-O 11. Qg3 Na5 12. e5 Ne8 13. Nf5 exf5 14. Nd5
Qxc2 15. Nxe7+ Kh8 16. Nxc8 Qxc8 17. Rfd1 Qe6 18. Bf3 Rc8 19. Bd5 Qe7 20.
Rac1 Rxc1 21. Rxc1 f6 22. Bb6 Nc6 23. e6 Nc7 24. Bxc7 Qxc7 25. Qb3 g6 26.
h3 Kg7 27. Kh2 Rc8 28. Rc4 Kf8 29. Qc3 Ke7 30. b4 Qb8 31. Qe3 Nd8 32. Rxc8
Qxc8 33. Qg3 Qc1 34. Qh4 h5 35. Qg3 g5 36. fxg5 fxg5 37. Qf3 Qe1 38. Qxf5
Qe5+ 39. Qxe5 dxe5 40. a4 b6 41. a5 bxa5 42. bxa5 Nxe6 43. h4 g4 44. Bc4
Nc5 45. Kg3 Nb7 46. Bxa6 Nxa5 47. Kf2 Nc6 48. Bd3 Kf6 49. Bb5 Nd8 50. Be8
Nf7 51. Ke3 Ke7 52. Bb5 Nd6 53. Bd3 Kf6 54. g3 Nf5+ 55. Kf2 Ke6 56. Bb1 Ne7
57. Be4 Kd6 58. Ke3 Nd5+ 59. Kd3 Nf6 60. Bg6 Kc5 61. Ke3 Kc4 62. Bf7+ Kc3
63. Bg6 Kb3 64. Kd3 Kb4 65. Bf7 Kc5 66. Bg6 Kd5 67. Bf7+ Kd6 68. Bg6 Ke7
69. Ke3 Kf8 70. Be4 Kf7 71. Bc2 Ne8 72. Ke4 Kf6 73. Ke3 Nd6 74. Bd3 Nf5+
75. Kf2 Ke6 76. Bb1 Ne7 77. Be4 Kd6 78. Ke3 Nd5+ 79. Kd3 Ne7 1/2-1/2

[Event "X Anibal Open"]
[Site "Linares ESP"]
[Date "2003.03.06"]
[Round "7"]
[White "Sorokin,M"]
[Black "Hoffman,A"]
[Result "1/2-1/2"]
[WhiteElo "2560"]
[BlackElo "2506"]
[EventDate "2003.02.28"]

1. c4 g6 2. d4 Bg7 3. Nf3 Nf6 4. Nc3 O-O 5. e4 d6 6. Be2 Nbd7 7. Be3 Ng4 8.
Bg5 h6 9. Bh4 c5 10. d5 a6 11. a4 Ngf6 12. Nd2 e6 13. O-O exd5 14. cxd5 Re8
15. f4 Rb8 16. Kh1 Qc7 17. e5 dxe5 18. fxe5 Qxe5 19. Bg3 Qd4 20. Bxb8 Nxb8
21. Nc4 Bg4 22. Bxg4 Nxg4 23. Qxd4 cxd4 24. Na2 Nd7 25. Rae1 Nf2+ 26. Kg1
Ne4 27. g4 Ndf6 28. d6 Rd8 29. Nb4 Nxd6 30. Nxd6 Rxd6 31. Nd3 Bf8 32. h3
Nd5 33. Re8 Kg7 34. Rc1 Be7 35. Rc4 Bf6 36. a5 b6 37. b4 bxa5 38. bxa5 Ne7
39. Ra8 Re6 40. Rd8 Re3 41. Nf4 Re5 42. Rdxd4 Rxa5 43. Rd7 Re5 44. Kg2 a5
45. Ra7 Bg5 46. Kf3 Rb5 47. Nd3 Rd5 48. Nc5 h5 49. gxh5 gxh5 50. Ne4 Rf5+
51. Kg2 Nd5 52. Rc5 Be3 53. Raxa5 Bxc5 54. Rxc5 Ne3+ 55. Kg3 h4+ 56. Kh2
Rf4 57. Nd6 Kg6 58. Re5 Rf2+ 59. Kg1 Rg2+ 60. Kh1 Rg3 61. Kh2 Nf1+ 62. Kh1
Nd2 63. Re8 Rxh3+ 64. Kg2 Rd3 65. Ne4 Nc4 66. Rh8 Ne3+ 67. Kf3 Nd5+ 68. Kf2
h3 69. Rh4 Ra3 70. Ng3 Kg5 71. Rh5+ Kg4 72. Rxd5 Rf3+ 73. Ke2 Rxg3 74. Rd4+
Kg5 75. Kf2 Rg2+ 76. Kf3 Rg1 77. Rd5+ f5 78. Rd2 Rg4 79. Ra2 Rh4 80. Rh2
Ra4 81. Rb2 Ra3+ 82. Kf2 Kg4 83. Kg1 f4 84. Kh2 Re3 85. Ra2 Re1 86. Rb2 Kf3
87. Rb4 Re4 88. Rb8 Kf2 89. Kxh3 f3 90. Rb2+ Re2 91. Rb1 Rd2 92. Ra1 Rd8
93. Ra2+ Ke3 94. Kg3 Rg8+ 95. Kh2 Rd8 96. Kg3 f2 97. Ra3+ Ke2 98. Ra2+ Ke1
99. Ra1+ 1/2-1/2

[Event "X Anibal Open"]
[Site "Linares ESP"]
[Date "2003.03.06"]
[Round "7"]
[White "Gokhale,J"]
[Black "Rodriguez Guerrero,E"]
[Result "0-1"]
[WhiteElo "2300"]
[BlackElo "2450"]
[EventDate "2003.02.28"]

1. Nf3 c5 2. g3 Nc6 3. Bg2 g6 4. O-O Bg7 5. c3 d5 6. d3 e6 7. e4 Nge7 8.
Re1 b6 9. Na3 Ba6 10. Bf4 O-O 11. e5 b5 12. Nc2 b4 13. cxb4 Nxb4 14. Nxb4
cxb4 15. Qd2 Qb6 16. Be3 Qb5 17. Bf1 Nc6 18. Nd4 Nxd4 19. Bxd4 Rfc8 20.
Rec1 Bf8 21. Qe3 Qd7 22. Be2 Rc7 23. Rxc7 Qxc7 24. Rc1 Qa5 25. h4 Rc8 26.
Rxc8 Bxc8 27. Bxa7 Qxa2 28. Bd4 Qb1+ 29. Bf1 Ba6 30. Kg2 Qc2 31. Qe2 Qc1
32. Qe3 Qc2 33. Qe2 b3 34. Qe3 Bb4 35. h5 Bd2 36. Qf3 Bg5 37. Qe2 Be7 38.
Qf3 Bg5 39. Qe2 Qxe2 40. Bxe2 gxh5 41. Bd1 Bxd3 42. Bxb3 h4 43. f4 Be7 44.
Ba4 hxg3 45. Kxg3 Bb4 46. Bd1 Kg7 47. Bh5 Bg6 48. Be2 Bc2 49. Bh5 h6 50.
Bc3 Bc5 51. b4 Bb6 52. Be1 d4 53. Bf2 Bd3 54. Bg1 Bg6 55. Bd1 h5 56. Kh4
Kh6 57. Bf2 Bd3 58. Bf3 Bg6 59. Be2 Bf5 60. Bc4 Be4 61. Bg1 Bd8+ 62. Kh3
Bb6 63. Kh4 Bb1 64. Bf2 Be4 65. Bg1 Bd8+ 66. Kh3 Bf5+ 67. Kg3 h4+ 68. Kh2
Bb6 69. Bf2 h3 70. Kg3 Kh5 71. Be2+ Kg6 72. Bf3 Kg7 73. Kh2 Kf8 74. Kg3 Ke7
75. Bh5 Ke8 76. Kh2 Kd7 77. b5 Kc7 78. Bxf7 d3 79. Bg3 Bg4 80. Bg6 d2 81.
Bc2 Kd7 82. Bb3 Be3 83. Bc2 Kc7 0-1

[Event "X Anibal Open"]
[Site "Linares ESP"]
[Date "2003.03.07"]
[Round "8"]
[White "Potkin,V"]
[Black "Ubilava,E"]
[Result "1/2-1/2"]
[WhiteElo "2516"]
[BlackElo "2545"]
[EventDate "2003.02.28"]

1. e4 c5 2. c3 d5 3. exd5 Qxd5 4. d4 Nf6 5. Nf3 Bg4 6. Be2 e6 7. O-O Nc6 8.
h3 Bh5 9. Be3 cxd4 10. cxd4 Be7 11. Nc3 Qa5 12. Qb3 Qb4 13. Rfd1 Rd8 14.
Qxb4 Nxb4 15. Bb5+ Kf8 16. g4 Bg6 17. Ne5 Nfd5 18. Rac1 f6 19. Nxg6+ hxg6
20. Bf1 Kf7 21. Bg2 Rd7 22. a3 Nc6 23. Nxd5 exd5 24. Bf1 Bd6 25. Rc3 Rc7
26. Rdc1 Rhc8 27. Bg2 Ne7 28. Rxc7 Rxc7 29. Rxc7 Bxc7 30. Kf1 g5 31. Bd2
Ke6 32. Ke2 Ng6 33. Bf1 Bf4 34. Bc3 Bd6 35. Kd1 Nf4 36. Bd2 1/2-1/2

[Event "X Anibal Open"]
[Site "Linares ESP"]
[Date "2003.03.07"]
[Round "8"]
[White "Riazantsev,A"]
[Black "Arizmendi Martinez,J"]
[Result "1/2-1/2"]
[WhiteElo "2538"]
[BlackElo "2520"]
[EventDate "2003.02.28"]

1. d4 d6 2. e4 Nf6 3. f3 d5 4. e5 Nfd7 5. f4 c5 6. c3 Nc6 7. Na3 cxd4 8.
cxd4 Nb6 9. Nc2 Bf5 10. Bd3 Bxd3 11. Qxd3 e6 12. Nf3 Nb4 13. Nxb4 Bxb4+ 14.
Kf2 Qd7 15. b3 Rc8 16. Bb2 O-O 17. Rhc1 Rxc1 18. Rxc1 Rc8 19. Rxc8+ Qxc8
20. Ng5 g6 21. Nf3 h5 22. h3 Nd7 23. g4 hxg4 24. hxg4 Nb8 25. Qb1 Nc6 26.
Bc1 Bf8 27. Bd2 Nb4 28. Bxb4 Bxb4 29. Kg3 Qc3 30. f5 Kg7 31. f6+ Kg8 32.
Qf1 Qe3 33. Qf2 Qd3 34. Kg2 Bc3 35. Kg3 1/2-1/2

[Event "X Anibal Open"]
[Site "Linares ESP"]
[Date "2003.03.07"]
[Round "8"]
[White "Kotronias,V"]
[Black "Kovacevic,Sl"]
[Result "1-0"]
[WhiteElo "2573"]
[BlackElo "2396"]
[EventDate "2003.02.28"]

1. e4 c5 2. Nf3 e6 3. d4 cxd4 4. Nxd4 a6 5. Bd3 Nf6 6. O-O Qc7 7. Qe2 d6 8.
c4 g6 9. Nc3 Bg7 10. Rd1 O-O 11. Nf3 Nc6 12. h3 Nd7 13. Be3 Nce5 14. Nxe5
Nxe5 15. Rac1 Re8 16. b3 b6 17. Bb1 Bb7 18. Na4 Nd7 19. Qd2 Bf8 20. Nxb6
Nxb6 21. Qa5 Bxe4 22. Bxe4 Rab8 23. Qxa6 Nd7 24. Qc6 Qd8 25. Rxd6 Bxd6 26.
Qxd6 Nf6 27. Qxd8 Rexd8 28. Bc6 Rbc8 29. Bb7 Rb8 30. Bf3 Nd7 31. c5 Ne5 32.
Be4 Nd3 33. Rc4 Nb4 34. Bf4 Nxa2 35. Bxb8 Rxb8 36. c6 1-0

[Event "X Anibal Open"]
[Site "Linares ESP"]
[Date "2003.03.07"]
[Round "8"]
[White "Pavlovic,Mi"]
[Black "Saldano,H"]
[Result "1-0"]
[WhiteElo "2560"]
[BlackElo "2442"]
[EventDate "2003.02.28"]

1. e4 e5 2. Nf3 Nc6 3. Bb5 Nf6 4. O-O Nxe4 5. d4 Nd6 6. Bxc6 dxc6 7. dxe5
Nf5 8. Qxd8+ Kxd8 9. Nc3 Be6 10. Ng5 Ke7 11. b3 h6 12. Nxe6 Kxe6 13. Bb2
Nd4 14. Rfd1 Nxc2 15. Rac1 Nb4 16. a3 Na6 17. Ne2 Bc5 18. b4 Bb6 19. Nf4+
Ke7 20. e6 Rhd8 21. Bxg7 fxe6 22. Bxh6 Kf7 23. Bg5 Rd4 24. Nd3 Rd5 25. h4
Rg8 26. g3 e5 27. Kg2 Nb8 28. f4 exf4 29. Nxf4 Re5 30. Rf1 Ke8 31. Rce1
Rxe1 32. Rxe1+ Kf8 33. h5 1-0

[Event "X Anibal Open"]
[Site "Linares ESP"]
[Date "2003.03.07"]
[Round "8"]
[White "Rodriguez Guerrero,E"]
[Black "Sorokin,M"]
[Result "0-1"]
[WhiteElo "2450"]
[BlackElo "2560"]
[EventDate "2003.02.28"]

1. e4 e5 2. Nf3 Nc6 3. Bb5 a6 4. Ba4 Nf6 5. O-O Be7 6. Re1 b5 7. Bb3 O-O 8.
a4 b4 9. d3 d6 10. a5 Be6 11. Bc4 Qc8 12. Nbd2 Re8 13. Nf1 h6 14. Ne3 Rb8
15. h3 Bd8 16. Nh2 Nd4 17. Rf1 c5 18. Nhg4 Nc6 19. Nxf6+ Bxf6 20. Nd5 Bxd5
21. exd5 Nd4 22. Bd2 Bg5 23. c3 bxc3 24. Bxc3 Nb5 25. Be1 Qf5 26. b4 cxb4
27. Bxb4 e4 28. dxe4 Qxe4 29. Qd3 Qh4 30. Rfe1 Bf6 31. Rac1 Bd4 32. Rc2 Be5
33. Rce2 Rec8 34. Re4 Qf6 35. Bd2 Bc3 36. Bxc3 Nxc3 37. Re7 g6 38. Ra7 Rb2
39. Rf1 Ne2+ 40. Kh1 Qf4 41. Bxa6 Rc1 42. Ra8+ Kg7 43. Rxc1 Qxc1+ 0-1

[Event "X Anibal Open"]
[Site "Linares ESP"]
[Date "2003.03.07"]
[Round "8"]
[White "Grigoriants,S RUS"]
[Black "Ezat,M"]
[Result "1-0"]
[WhiteElo "2524"]
[BlackElo "2381"]
[EventDate "2003.02.28"]

1. e4 c6 2. d4 d5 3. Nc3 dxe4 4. Nxe4 Nd7 5. Ng5 Ngf6 6. Bd3 e6 7. N1f3 Bd6
8. Qe2 h6 9. Ne4 Nxe4 10. Qxe4 Qc7 11. O-O b6 12. Qg4 g5 13. Qh3 Rg8 14.
Nd2 Bb7 15. a4 O-O-O 16. a5 Kb8 17. axb6 axb6 18. Nc4 Be7 19. Be2 Nf6 20.
Qb3 Nd5 21. Bd2 c5 22. Ra4 Nf4 23. Bxf4 gxf4 24. Bf3 Bxf3 25. Qxf3 Qb7 26.
Qxb7+ Kxb7 27. Rfa1 Ra8 28. Rxa8 Rxa8 29. Rxa8 Kxa8 30. Nxb6+ Kb7 31. dxc5
Bxc5 32. Nc4 f5 33. Ne5 Bd6 34. Nf7 Bf8 35. Nd8+ Kc8 36. Nxe6 Bd6 37. c3
1-0

[Event "X Anibal Open"]
[Site "Linares ESP"]
[Date "2003.03.07"]
[Round "8"]
[White "Hoffman,A"]
[Black "Adly,A"]
[Result "1/2-1/2"]
[WhiteElo "2506"]
[BlackElo "2315"]
[EventDate "2003.02.28"]

1. d4 d5 2. c4 e6 3. Nf3 c6 4. Nbd2 f5 5. g3 Nf6 6. Bg2 Bd6 7. O-O O-O 8.
b3 Qe7 9. Bb2 Ba3 10. Bxa3 Qxa3 11. Ne5 Nbd7 12. Nd3 Qd6 13. Nf3 b6 14. Qc2
Bb7 15. Rac1 Rac8 16. Qb2 dxc4 17. bxc4 c5 18. e3 Rfd8 19. Rfd1 Be4 20. Qb3
h6 21. h4 Bxf3 22. Bxf3 e5 23. dxe5 Nxe5 24. Nxe5 Qxe5 25. Rxd8+ Rxd8 26.
Rd1 Qe7 27. Qa4 Rxd1+ 28. Qxd1 g5 29. hxg5 hxg5 30. Qd3 Qd7 31. Qxd7 Nxd7
32. g4 f4 33. exf4 gxf4 34. Kg2 Kg7 35. Kh3 Ne5 36. Bd5 Kh6 37. f3 Kg5 38.
Kg2 Nd3 39. a3 Ne1+ 40. Kf2 Nc2 41. a4 Kf6 42. Ke2 Ke5 43. Be4 Nd4+ 44. Kd3
Ne6 45. Bd5 Ng5 46. Kc3 Nh7 47. Kd3 Nf6 48. Bc6 a5 49. Bb7 Ne8 50. Bd5 Nd6
51. Bc6 Kf6 52. Bd5 Kg6 53. Be4+ Kg5 54. Bc6 Kh4 55. Bd5 Kg5 56. Bc6 Kf6
57. Bd5 Ke5 58. Bc6 Nf7 59. Bd5 Ng5 60. Bc6 Ne6 61. Be4 1/2-1/2

[Event "X Anibal Open"]
[Site "Linares ESP"]
[Date "2003.03.07"]
[Round "8"]
[White "Abdelnabbi,I"]
[Black "Socko,B"]
[Result "0-1"]
[WhiteElo "2414"]
[BlackElo "2577"]
[EventDate "2003.02.28"]

1. e4 e6 2. d4 d5 3. Nd2 b6 4. exd5 exd5 5. Ngf3 Bd6 6. Bd3 Qe7+ 7. Qe2
Qxe2+ 8. Bxe2 Ba6 9. O-O Bxe2 10. Re1 Ne7 11. Rxe2 f6 12. Ne1 Nbc6 13. Ndf3
g5 14. c3 Kd7 15. Nc2 Ng6 16. g3 h5 17. b3 h4 18. Ba3 Bxa3 19. Nxa3 g4 20.
Nd2 Rae8 21. Rae1 Rxe2 22. Rxe2 f5 23. Nc2 Nce7 24. Ne1 c5 25. dxc5 bxc5
26. Nd3 Kd6 27. f3 hxg3 28. hxg3 Rh3 29. Kg2 f4 30. Nxf4 Nxf4+ 31. gxf4 Ng6
32. Kg1 g3 33. Re8 Nxf4 34. Rd8+ Ke7 35. Rg8 Rh2 36. Rxg3 Rxd2 37. Rg7+ Ke6
38. Rxa7 Ne2+ 39. Kf1 Nxc3 0-1

[Event "X Anibal Open"]
[Site "Linares ESP"]
[Date "2003.03.07"]
[Round "8"]
[White "Perez Candelario,M"]
[Black "Pogorelov,R"]
[Result "1/2-1/2"]
[WhiteElo "2404"]
[BlackElo "2517"]
[EventDate "2003.02.28"]

1. e4 c6 2. d4 d5 3. e5 Bf5 4. Nf3 e6 5. Be2 Nd7 6. O-O Bg6 7. b3 Nh6 8. c4
Nf5 9. Nc3 Bb4 10. Bb2 O-O 11. c5 f6 12. exf6 Qxf6 13. Na4 b5 14. cxb6 axb6
15. Qc1 b5 16. a3 Bd6 17. Nc5 Bxc5 18. dxc5 e5 19. a4 bxa4 20. Rxa4 Rxa4
21. bxa4 Ra8 22. Qa1 d4 23. a5 Nxc5 24. Qa3 Ne6 25. Nd2 Bf7 26. Ne4 Qg6 27.
Ng3 Nf4 28. Bf3 e4 29. Nxe4 Bc4 30. Ra1 Ne2+ 31. Bxe2 Bxe2 32. Qb3+ Qf7 33.
Qc2 Bb5 34. Qc5 Qd5 35. Qxd5+ cxd5 36. Nd2 1/2-1/2

[Event "X Anibal Open"]
[Site "Linares ESP"]
[Date "2003.03.07"]
[Round "8"]
[White "Almagro Mazariegos,S"]
[Black "Rojas Sola,J"]
[Result "0-1"]
[WhiteElo "2294"]
[BlackElo "2022"]
[EventDate "2003.02.28"]

1. e4 f6 2. d4 b6 3. Nc3 e6 4. Nf3 Bb7 5. Bd3 Qc8 6. O-O Ba6 7. Re1 Nc6 8.
d5 Nd8 9. e5 f5 10. Nb5 Bxb5 11. Bxb5 c6 12. dxc6 dxc6 13. Bc4 Ne7 14. Bb3
a5 15. a4 Ra7 16. Be3 Rd7 17. Qe2 Qb7 18. Rad1 Rxd1 19. Rxd1 Nd5 20. Bxd5
exd5 21. c4 f4 22. Bxf4 Ne6 23. Be3 Nc7 24. Ng5 Be7 25. Qh5+ g6 26. Qh6 Bf8
27. Qh3 Be7 28. e6 Qc8 29. Nf7 Rf8 30. cxd5 Nxd5 31. Bh6 Rg8 32. Bg5 h5 33.
Re1 Qc7 34. Bxe7 Qxe7 35. b3 Kf8 36. Rc1 Qb4 37. Ne5 Kg7 38. Qd3 Nf4 39.
Qe3 Re8 40. Rxc6 Rxe6 41. Rxe6 Nxe6 42. h4 Nd4 43. Qg5 Qd6 44. Qe3 Nf5 45.
Qc3 Kh7 46. Nf3 Qd1+ 47. Kh2 Qd6+ 48. g3 Kg8 49. Qc4+ Kf8 50. Ng5 Nh6 51.
Qc8+ Ke7 52. Qb7+ Ke8 53. Qe4+ Kd7 54. Qb7+ Ke8 55. Ne4 Ng4+ 56. Kg2 Qe6
57. Qb8+ Kd7 58. f3 Ne3+ 59. Kf2 Nf5 60. Qb7+ Kd8 61. Qa8+ Kc7 62. Qa7+ Kd8
63. Qh7 Ne7 64. Qh8+ Kc7 65. Qc3+ Nc6 66. Ng5 Qd7 67. Ke3 Kb7 68. Ne4 Nb4
69. Qc4 Nd5+ 70. Ke2 Qe6 71. Kf2 Qe5 72. Qc2 Nb4 73. Qd2 Kc7 74. Nc3 Kc6
75. Nb5 Qc5+ 76. Kg2 Nd5 77. Qg5 Ne3+ 78. Kf2 Ng4+ 79. Ke1 Qf2+ 0-1

[Event "X Anibal Open"]
[Site "Linares ESP"]
[Date "2003.03.07"]
[Round "8"]
[White "Amin,B"]
[Black "Ruiz Jimenez,F"]
[Result "1-0"]
[WhiteElo "2281"]
[BlackElo "2132"]
[EventDate "2003.02.28"]

1. e4 d5 2. exd5 Qxd5 3. Nc3 Qa5 4. d4 Nf6 5. Bc4 Bg4 6. Nf3 Nc6 7. Bb5 e6
8. h3 Bh5 9. g4 Bg6 10. Ne5 Bb4 11. Bd2 Bxc3 12. Bxc6+ bxc6 13. Bxc3 Qd5
14. f3 c5 15. h4 Rd8 16. Qe2 cxd4 17. O-O-O d3 18. Nxd3 Qxa2 19. b3 Qa6 20.
Nf4 Qxe2 21. Nxe2 h6 22. Rxd8+ Kxd8 23. Nf4 Kc8 24. Re1 Re8 25. h5 Bh7 26.
Bxf6 gxf6 27. Nd5 Kd8 28. Nxf6 Rh8 29. f4 Ke7 30. g5 Bf5 31. Rd1 e5 32. Rd5
hxg5 33. fxg5 Ke6 34. Ra5 Bh3 35. Rxa7 Kf5 36. Rxc7 Kxg5 37. Rxf7 Bf5 38.
Nd5 Rxh5 39. Rg7+ Kh6 40. Re7 Bg6 41. Nf6 Rh1+ 42. Kb2 Kg5 43. Nd5 Kf5 44.
b4 Ke4 45. Nf6+ Kf4 46. b5 Rh2 47. Nd5+ Ke4 48. Nb4 Kd4 49. b6 Be4 50. b7
Rh8 51. Na6 Bxb7 52. Rxb7 e4 53. Rd7+ Ke3 54. Nc5 Rb8+ 55. Kc3 Rc8 56. Kc4
Kf3 57. Rf7+ Ke2 58. Kd4 e3 59. c4 Kd2 60. Ne4+ Kd1 61. c5 e2 62. Nc3+ 1-0

[Event "X Anibal Open"]
[Site "Linares ESP"]
[Date "2003.03.07"]
[Round "8"]
[White "Mirzoeva,E"]
[Black "Martos Exposito,M"]
[Result "1-0"]
[WhiteElo "2256"]
[BlackElo "2139"]
[EventDate "2003.02.28"]

1. e4 b6 2. d4 Bb7 3. Bd3 e6 4. Nf3 d6 5. c4 Nd7 6. Nc3 g6 7. Bg5 Ne7 8.
Qd2 h6 9. Be3 Bg7 10. d5 e5 11. O-O-O a6 12. h4 Nf6 13. Nh2 Bc8 14. f3 Bd7
15. g4 Qb8 16. g5 Nfg8 17. gxh6 Nxh6 18. Rdg1 Qb7 19. h5 O-O-O 20. Nf1 f5
21. Bg5 Rde8 22. hxg6 f4 23. Ng3 Nxg6 24. Nh5 Bf8 25. Nf6 Nf7 26. Rxh8
Nfxh8 27. Nxe8 Bxe8 28. Bf6 c6 29. Qh2 Bg7 30. dxc6 Bxc6 31. Bxg7 Qxg7 32.
Nd5 Bxd5 33. exd5 e4 34. Bxe4 Qd4 35. Bxg6 Qe3+ 36. Kc2 b5 37. Bf5+ Kb7 38.
Rg7+ Nf7 39. Rxf7+ Kb6 40. Qd2 Qe5 41. b4 a5 42. Qf2+ 1-0

[Event "X Anibal Open"]
[Site "Linares ESP"]
[Date "2003.03.08"]
[Round "9"]
[White "Riazantsev,A"]
[Black "Najer,E"]
[Result "1/2-1/2"]
[WhiteElo "2538"]
[BlackElo "2585"]
[EventDate "2003.02.28"]

1. d4 Nf6 2. c4 g6 3. Nc3 d5 4. Bf4 Bg7 5. e3 c5 6. dxc5 Qa5 7. Rc1 dxc4 8.
Bxc4 O-O 9. Nge2 Qxc5 10. Qb3 Qa5 11. O-O Nc6 12. h3 Ne5 13. Nd5 Nxd5 14.
Bxd5 e6 15. Be4 Bd7 16. Qxb7 Rab8 17. Qc7 Qxc7 18. Rxc7 Bb5 19. Re1 Bd3 20.
Bb7 Bf6 21. Nd4 Bd8 22. Rec1 f6 23. Bc8 Bxc7 24. Bxe6+ Kh8 25. Rxc7 g5 26.
Bxe5 fxe5 27. Nc6 Rxb2 28. Nxe5 Rfxf2 29. Rc8+ Kg7 30. Rc7+ Kh8 31. Rc8+
Kg7 32. Rc7+ 1/2-1/2

[Event "X Anibal Open"]
[Site "Linares ESP"]
[Date "2003.03.08"]
[Round "9"]
[White "Arizmendi Martinez,J"]
[Black "Gleizerov,E"]
[Result "0-1"]
[WhiteElo "2520"]
[BlackElo "2579"]
[EventDate "2003.02.28"]

1. e4 e6 2. d4 d5 3. Nc3 Nf6 4. Bg5 Be7 5. e5 Nfd7 6. h4 O-O 7. Qg4 f5 8.
Bxe7 Qxe7 9. Qg5 Qb4 10. O-O-O c5 11. Qe7 Qb6 12. Na4 Qc6 13. Nxc5 Nxc5 14.
Qxc5 Qxc5 15. dxc5 Nd7 16. Nf3 Nxc5 17. Kd2 Bd7 18. Nd4 Rac8 19. f3 a6 20.
b3 Kf7 21. Bd3 Ke7 22. Rdf1 Be8 23. g4 fxg4 24. fxg4 Bg6 25. h5 Bxd3 26.
cxd3 Nd7 27. Nf3 Rf4 28. h6 gxh6 29. Rxh6 Nxe5 30. Rxh7+ Kd6 31. Nh2 Rd4
32. Rh3 Nxg4 33. Nxg4 Rxg4 34. Rh2 Rcg8 35. Rf7 b5 36. Rff2 Kc5 37. Re2
R8g6 38. Rh5 Rg2 39. Rhe5 Rxe2+ 40. Rxe2 Kd4 41. Rh2 e5 42. Rh4+ e4 43. Rh2
e3+ 44. Ke2 Rg3 0-1

[Event "X Anibal Open"]
[Site "Linares ESP"]
[Date "2003.03.08"]
[Round "9"]
[White "El Gindy,E"]
[Black "Pavlovic,Mi"]
[Result "1-0"]
[WhiteElo "2467"]
[BlackElo "2560"]
[EventDate "2003.02.28"]

1. d4 Nf6 2. c4 e6 3. Nc3 Bb4 4. Qc2 O-O 5. e4 d5 6. e5 Ne4 7. a3 Bxc3+ 8.
bxc3 c5 9. Bd3 cxd4 10. cxd4 Qa5+ 11. Kf1 Nc6 12. Ne2 Bd7 13. Rb1 f6 14.
cxd5 exd5 15. Rb5 Qd8 16. Rxd5 Ne7 17. Bxe4 Nxd5 18. Bxd5+ Kh8 19. e6 Bb5
20. Qe4 Re8 21. Bd2 Qd6 22. g4 Rac8 23. Bb4 Qa6 24. Bxb7 Bxe2+ 25. Kg2 Bd3
26. Qf3 Be2 27. Bxa6 1-0

[Event "X Anibal Open"]
[Site "Linares ESP"]
[Date "2003.03.08"]
[Round "9"]
[White "Sorokin,M"]
[Black "Potkin,V"]
[Result "1/2-1/2"]
[WhiteElo "2560"]
[BlackElo "2516"]
[EventDate "2003.02.28"]

1. c4 e6 2. g3 d5 3. Bg2 Nf6 4. Nf3 dxc4 5. Qa4+ c6 6. Qxc4 b5 7. Qc2 Bb7
8. a4 Nbd7 9. O-O a6 10. d4 c5 11. Bg5 cxd4 12. Nxd4 Bxg2 13. Kxg2 Rc8 14.
Qd1 b4 15. Nd2 Be7 16. Rc1 O-O 17. N2f3 Nc5 18. Rc4 Nd5 19. Bd2 1/2-1/2

[Event "X Anibal Open"]
[Site "Linares ESP"]
[Date "2003.03.08"]
[Round "9"]
[White "Ubilava,E"]
[Black "Grigoriants,S RUS"]
[Result "0-1"]
[WhiteElo "2545"]
[BlackElo "2524"]
[EventDate "2003.02.28"]

1. c4 g6 2. d4 Bg7 3. e4 d6 4. Nc3 Nf6 5. Be2 O-O 6. Bg5 Na6 7. Qd2 e5 8.
d5 c6 9. Bd1 cxd5 10. cxd5 Bd7 11. f3 b5 12. a3 Nc7 13. Nge2 a5 14. O-O Na6
15. Bc2 Qc7 16. Be3 Rfc8 17. Rfe1 Qb7 18. Bd1 Ne8 19. Rb1 Bf6 20. b4 a4 21.
Ng3 Bd8 22. Nf1 Ng7 23. Be2 Nc7 24. Bd3 Nce8 25. Ne2 f5 26. Rbc1 f4 27. Bf2
g5 28. g4 h5 29. h3 hxg4 30. fxg4 Nf6 31. Qb2 Rab8 32. Nd2 Bb6 33. Nf1 Rxc1
34. Rxc1 Kf7 35. Kg2 Bxf2 36. Kxf2 Kg6 37. Kf3 Qb6 38. Qd2 Rh8 0-1

[Event "X Anibal Open"]
[Site "Linares ESP"]
[Date "2003.03.08"]
[Round "9"]
[White "Socko,B"]
[Black "Fernandez Romero,Ern"]
[Result "1/2-1/2"]
[WhiteElo "2577"]
[BlackElo "2396"]
[EventDate "2003.02.28"]

1. e4 e6 2. d4 d5 3. Nc3 Bb4 4. e5 c5 5. a3 Bxc3+ 6. bxc3 Ne7 7. Nf3 Qa5 8.
Bd2 Nbc6 9. Bd3 c4 10. Be2 Qa4 11. h4 Bd7 12. h5 h6 13. Bf4 O-O-O 14. Qd2
Kb8 15. g4 Rdf8 16. Nh4 Ka8 17. O-O Qa5 18. Bg3 g6 19. Kh2 Qd8 20. Rg1 g5
21. Ng2 f5 22. exf6 Ng8 23. Qe3 Nxf6 24. f3 Re8 25. Rgf1 Qa5 26. Be5 Rhf8
27. f4 Nxe5 28. dxe5 Ne4 29. Bf3 gxf4 30. Nxf4 Qxc3 31. Qxc3 Nxc3 32. Ng6
Rg8 33. Bg2 Ba4 34. Rf2 Rd8 35. Kh3 d4 36. Rf7 Bc6 1/2-1/2

[Event "X Anibal Open"]
[Site "Linares ESP"]
[Date "2003.03.08"]
[Round "9"]
[White "Kempinski,R"]
[Black "Cheparinov,I"]
[Result "1/2-1/2"]
[WhiteElo "2545"]
[BlackElo "2478"]
[EventDate "2003.02.28"]

1. d4 Nf6 2. c4 e6 3. Nf3 c5 4. e3 d5 5. dxc5 Bxc5 6. a3 a6 7. b4 Ba7 8.
Bb2 O-O 9. Nbd2 Qe7 10. Bd3 Nc6 11. O-O Rd8 12. Rc1 dxc4 13. Bxc4 e5 14.
Ng5 Rf8 15. Qb3 Ng4 16. Nde4 h6 17. Nf3 Kh8 18. Qc3 f5 19. Ng3 Bb8 20. Bd5
Bd7 21. h3 e4 22. Bxc6 bxc6 23. Nd4 Ne5 24. Rcd1 Nd3 25. Ba1 Qg5 26. Nge2
f4 27. exf4 Nxf4 28. Nxf4 Qxf4 29. Nf3 1/2-1/2